| 000 | 00448nam a2200145 4500 | ||
|---|---|---|---|
| 008 | 231008b |||||||| |||| 00| 0 eng d | ||
| 080 |
_a006 _bROY |
||
| 110 | _aRoyal Tropical Institute | ||
| 245 | _aRoyal Tropical Institute annual report - 2008 | ||
| 260 |
_aAmsterdam: _bRoyal Tropical Institute, _c2008 |
||
| 300 | _a52 p. | ||
| 650 | _aTROPICS-Annual reports | ||
| 856 | _uhttp://www.bibalex.org/search4dev/files/277794/109588.pdf | ||
| 942 | _cRP | ||
| 999 |
_c3814 _d3814 |
||